00601nam a2200181Ia 4500008004100000040001800041041000800059100002200067245008000089260005600169300003000225500003800255504003400293650002700327650001500354650002700369700002300396130821s1964 xxua gr eng  aCo-BoUCMbspa00aeng1 aVon Neumann, John10aTheory of games and economic behaviorcJohn Von Neumann y Oskar Morgenstern aNueva York (Estados Unidos)bScience Editionsc1964 a641 páginasbgráficas aDonación Dr. Álvaro Daza Roa. aIncluye índice de materias.04aDesarrollo económico04aEconomía04aTeoría de los juegos1 aMorgenstern, Oskar